[Event "Brandenburg-ch Seniors 08th"]
[Site "Uckley"]
[Date "2000.06.21"]
[Round "6"]
[White "Meller, Hans"]
[Black "Schultchen, Hermann"]
[Result "1-0"]
[WhiteElo "1533"]
[BlackElo "1639"]
[PlyCount "102"]
[EventDate "2000.06.16"]
[EventType "swiss"]
[EventRounds "7"]
[EventCountry "GER"]
[SourceTitle "EXT 2006"]
[Source "ChessBase"]
[SourceDate "2005.11.24"]
[SourceVersion "1"]
[SourceVersionDate "2005.11.24"]
[SourceQuality "1"]

1. e4 e6 2. d4 c6 3. Nf3 d5 4. e5 Ne7 5. Bg5 Nd7 6. Bd3 c5 7. c3 c4 8. Bc2 Qb6 9. b3 Ng6 10. 0-0 Qc6 11. b4 b5 12. a4 a6 13. a5 Be7 14. Bxe7 Nxe7 15. Na3 h6 16. Bb1 Bb7 17. Nc2 g5 18. h3 0-0-0 19. Ne3 Rdg8 20. Nh2 f5 21. exf6 Nxf6 22. Nhg4 Nxg4 23. Nxg4 Kb8 24. Ne5 Qe8 25. Qg4 Bc8 26. Qg3 Kb7 27. Ng4 Rf8 28. Ne5 Rf4 29. Bc2 Rg8 30. Qe3 Rf6 31. Qe2 Nf5 32. Ng4 Rff8 33. Qe5 h5 34. Nf6 Rxf6 35. Qxf6 h4 36. Bxf5 exf5 37. Rae1 Rg6 38. Rxe8 Rxf6 39. g4 hxg3 40. fxg3 f4 41. gxf4 Rxf4 42. Rfe1 Rf3 43. R1e7+ Kb8 44. Rg7 Rf6 45. Rgg8 Rc6 46. Rxg5 Kc7 47. Rg7+ Bd7 48. Ree7 Rd6 49. h4 Kd8 50. Re5 Be8 51. Rg8 Rg6+ 1-0

[Event "Brandenburg-ch Seniors 08th"]
[Site "Uckley"]
[Date "2000.06.20"]
[Round "5"]
[White "Schultchen, Hermann"]
[Black "Schmidt, Roland"]
[Result "1/2-1/2"]
[WhiteElo "1639"]
[BlackElo "1659"]
[PlyCount "79"]
[EventDate "2000.06.16"]
[EventType "swiss"]
[EventRounds "7"]
[EventCountry "GER"]
[SourceTitle "EXT 2006"]
[Source "ChessBase"]
[SourceDate "2005.11.24"]
[SourceVersion "1"]
[SourceVersionDate "2005.11.24"]
[SourceQuality "1"]

1. d4 d5 2. Nf3 e6 3. g3 Be7 4. Bg2 f5 5. 0-0 Nf6 6. Nbd2 0-0 7. e3 Nbd7 8. c4 c6 9. a3 Ne4 10. Qc2 Nxd2 11. Nxd2 Nf6 12. f3 Bd7 13. b4 a5 14. Bb2 axb4 15. axb4 b6 16. c5 bxc5 17. bxc5 Ra5 18. Rxa5 Qxa5 19. Ra1 Qb5 20. Bf1 Qb7 21. Bc3 Ra8 22. Qb3 Rb8 23. Qa4 Qc8 24. Ba6 Qe8 25. Bf1 Rb7 26. Bd3 h6 27. Qc2 Qb8 28. Kg2 Ra7 29. Rxa7 Qxa7 30. h3 Qc7 31. Qb1 Nh5 32. f4 Nf6 33. Qb6 Qc8 34. Ba5 Ne4 35. Nxe4 fxe4 36. Ba6 Qe8 37. Be2 g6 38. Qc7 Bf6 39. g4 g5 40. Bc3 1/2-1/2

[Event "Brandenburg-ch Seniors 07th"]
[Site "Uckley"]
[Date "1999.??.??"]
[Round "1"]
[White "Schultchen, Hermann"]
[Black "Meiling, Hermann"]
[Result "0-1"]
[WhiteElo "1694"]
[BlackElo "1925"]
[PlyCount "82"]
[EventDate "1999.06.??"]
[EventType "swiss"]
[EventRounds "7"]
[EventCountry "GER"]
[SourceTitle "EXT 2006"]
[Source "ChessBase"]
[SourceDate "2005.11.24"]
[SourceVersion "1"]
[SourceVersionDate "2005.11.24"]
[SourceQuality "1"]

1. Nf3 d5 2. d4 Nf6 3. g3 g6 4. Bg2 Bg7 5. 0-0 0-0 6. Nbd2 c5 7. e3 Nc6 8. c3 b6 9. Re1 Bb7 10. dxc5 bxc5 11. Rb1 Qb6 12. a3 a5 13. Qb3 Qxb3 14. Nxb3 Ne4 15. Nbd2 f5 16. Nxe4 fxe4 17. Nd2 Ne5 18. Bf1 c4 19. Be2 a4 20. Kg2 Rf6 21. Rf1 Raf8 22. Kg1 Bc6 23. Kg2 Nd3 24. Bxd3 exd3 25. f4 g5 26. Nf3 gxf4 27. Nd4 f3+ 28. Kf2 Bb7 29. Bd2 e5 30. Rbe1 exd4 31. exd4 Ba6 32. Re3 Bc8 33. Rfe1 Bd7 34. Re8 Bf5 35. Rxf8+ Kxf8 36. Kxf3 Be4+ 37. Kg4 Bf3+ 38. Kh4 Be2 39. h3 Rf3 40. Rg1 Bd1 41. Bg5 Rf5 0-1